000 00329nam a2200133Ia 4500
008 100328s9999 xx 000 0 und d
082 _b37027
100 _aगुंदेकर श्रीराम
245 _aउचल
260 _bप्रतिभा
630 _aउचल
730 _aउचल
942 _cBOOK
999 _c526558
_d526555